[Event "KIA is it really a store? #2"]
[Site "SchemingMind.com"]
[Date "2006.10.04"]
[Round "-"]
[White "klesley"]
[Black "mart_r3000"]
[Result "1-0"]
[WhiteCountry "USA"]
[BlackCountry "ENG"]
[WhiteElo "1717"]
[WhiteRD "77"]
[BlackElo "1254"]
[BlackRD "55"]
[GameID "69997"]

1. Nf3 d5 2. g3 Nc6 3. d4 e6 4. Bg2 Bb4+ 5. c3 Bd6 6. O-O h6 7. b3 g5 8. Bb2 Nf6 9. Nbd2 g4 10. Nh4 e5
11. c4 exd4 12. cxd5 Nb4 13. Bxd4 O-O 14. Bxf6 Qxf6 15. a3 Na6 16. Nc4 Be7 17. e4 b5 18. Na5 Qc3 19. b4 Rd8 20. Qc1 Bf6
21. Qxh6 Bg7 22. Qg5 f6 23. Qg6 Rd6 24. Nf5 Rd7 25. Qxg4 Rf7 26. Nc6 Bd7 27. Nfe7+ Kf8 28. Qxd7 Re8 29. Ng6+ Kg8 30. Qxe8+ Bf8
31. Nce7+ Kg7 32. Nxf8 Qe5 33. Ne6+ Kh6 34. Qxf7 Qh5 35. Qg7#
1-0

[Event "KIA is it really a store? #2"]
[Site "SchemingMind.com"]
[Date "2006.10.04"]
[Round "-"]
[White "mart_r3000"]
[Black "klesley"]
[Result "0-1"]
[WhiteCountry "ENG"]
[BlackCountry "USA"]
[WhiteElo "1270"]
[WhiteRD "54"]
[BlackElo "1738"]
[BlackRD "80"]
[GameID "69998"]

1. Nf3 d5 2. g3 c6 3. d4 Nf6 4. Nc3 Bf5 5. Ne5 Nbd7 6. Bg5 Nxe5 7. dxe5 Ng4 8. Qd4 f6 9. exf6 exf6 10. Bf4 Bd6
11. Bh3 Qd7 12. f3 Ne5 13. g4 Bxc2 14. O-O g5 15. Be3 O-O 16. f4 Nc4 17. Bc1 h5 18. f5 b6 19. gxh5 Bc5 20. Qf2 Bxf2+
21. Rxf2 Nd6 22. Rg2 Bxf5 23. Bxf5 Qxf5 24. h4 Kh7 25. Bxg5 fxg5 26. hxg5 d4 27. Na4 Ne4 28. g6+ Kh6 29. Rf1 Qh3 30. Rxf8 Rxf8
31. g7 Rg8 32. b4 Qxh5 33. Rh2 Rxg7+ 34. Kh1 Nf2#
0-1

[Event "KIA is it really a store? #2"]
[Site "SchemingMind.com"]
[Date "2006.10.05"]
[Round "-"]
[White "Gilligan"]
[Black "klesley"]
[Result "1-0"]
[WhiteCountry "USA"]
[BlackCountry "USA"]
[WhiteElo "1681"]
[WhiteRD "63"]
[BlackElo "1717"]
[BlackRD "77"]
[GameID "70110"]

1. Nf3 d5 2. g3 c6 3. Bg2 Nf6 4. O-O Bf5 5. d3 e6 6. Nbd2 Be7 7. d4 Bd6 8. e3 O-O 9. b3 h6 10. Bb2 Na6
11. a3 b6 12. Rc1 c5 13. dxc5 Nxc5 14. b4 Na4 15. Ba1 b5 16. Nd4 a6 17. Nxf5 exf5 18. Bxf6 Qxf6 19. Bxd5 Rad8 20. c4 Nb6
21. Bf3 Be5 22. c5 Na4 23. c6 Bc7 24. Qe2 Nc3 25. Qe1 Rd6 26. Nb3 Ne4 27. Nc5 Nd2 28. Qe2 Nxf1 29. Nd7 Rxd7 30. cxd7 Nxg3
31. hxg3 Bd8 32. Qd3 g6 33. Kg2 Qb6 34. e4 fxe4 35. Qxe4 a5 36. Rc6 Qa7 37. Qd5 axb4 38. Rxg6+ Kh7 39. Rd6 Qxa3 40. Qf5+ Kg7
41. Qe5+ f6 42. Qf5 b3 43. Be4 Rh8 44. Qg6+ Kf8 45. Rxf6+
1-0

[Event "KIA is it really a store? #2"]
[Site "SchemingMind.com"]
[Date "2006.10.05"]
[Round "-"]
[White "klesley"]
[Black "Gilligan"]
[Result "0-1"]
[WhiteCountry "USA"]
[BlackCountry "USA"]
[WhiteElo "1717"]
[WhiteRD "77"]
[BlackElo "1681"]
[BlackRD "63"]
[GameID "70112"]

1. Nf3 d5 2. g3 c5 3. d3 Nc6 4. Bg2 e5 5. Nbd2 Nf6 6. e4 d4 7. a4 Be7 8. Nc4 Qc7 9. Bd2 O-O 10. c3 Bg4
11. h3 Bxf3 12. Bxf3 h6 13. O-O a6 14. b4 cxb4 15. cxb4 Nxb4 16. Bxb4 Bxb4 17. Qb3 a5 18. Rfc1 Rfe8 19. Na3 Qe7 20. Nb5 Rec8
21. Kg2 Rc6 22. Na3 Rxc1 23. Rxc1 Bxa3 24. Rc4 Bb4 25. Be2 Nh7 26. f4 Bd2 27. f5 Nf6 28. Qb6 Nd7 29. Qxb7 Rb8 30. Rc8+ Rxc8
31. Qxc8+ Kh7 32. Qc7 Bb4 33. Bg4 Nf6 34. Qxe7 Bxe7 35. Bd1 h5 36. g4 h4 37. Kf3 Kh6 38. Bb3 Nh7 39. Ke2 Ng5 40. Kf1 Nxh3
41. Bxf7 Nf4 42. Bc4 Kg5 43. Bb5 Kxg4 44. Bd7 Kf3 45. Kg1 Nxd3 46. Kh2 Kxe4 47. Kg2 Ke3
0-1

[Event "KIA is it really a store? #2"]
[Site "SchemingMind.com"]
[Date "2006.10.05"]
[Round "-"]
[White "Kenny Elliott"]
[Black "klesley"]
[Result "0-1"]
[WhiteCountry "USA"]
[BlackCountry "USA"]
[WhiteElo "1500"]
[WhiteRD "69"]
[BlackElo "1717"]
[BlackRD "77"]
[GameID "70154"]

1. Nf3 d5 2. g3 c6 3. Bg2 Nf6 4. d4 Bf5 5. O-O e6 6. Bg5 h6 7. Bf4 c5 8. Nc3 Nc6 9. Re1 cxd4 10. Nxd4 Nxd4
11. Qxd4 Bd6 12. Qa4+ Ke7 13. Bxd6+ Qxd6 14. Nb5 Qc5 15. Rac1 a6 16. Nd4 g6 17. Nxf5+ gxf5 18. c4 b5 19. Qa5 Rhc8 20. b4 Qc7
21. Qxc7+ Rxc7 22. cxd5 Rxc1 23. Rxc1 exd5 24. h4 Rd8 25. Rc7+ Rd7 26. Rc5 Ne4 27. Bxe4 fxe4 28. Rc6 Rd6 29. Rc7+ Ke6 30. Kg2 d4
31. f3 f5 32. f4 d3 33. exd3 exd3 34. Rc1 Kd5 35. Rd1 Kc4 36. a3 d2 37. Kf2 Kd3 38. h5 Re6 39. Ra1 Rc6
0-1

[Event "KIA is it really a store? #2"]
[Site "SchemingMind.com"]
[Date "2006.10.05"]
[Round "-"]
[White "Kenny Elliott"]
[Black "mart_r3000"]
[Result "0-1"]
[WhiteCountry "USA"]
[BlackCountry "ENG"]
[WhiteElo "1525"]
[WhiteRD "69"]
[BlackElo "1270"]
[BlackRD "54"]
[GameID "70155"]

1. Nf3 d5 2. g3 Nc6 3. Bg2 Nf6 4. d4 Bg4 5. O-O Ne4 6. Nbd2 g6 7. Nxe4 f5 8. Nc5 b6 9. Ne6 Qd6 10. Nxf8 Rxf8
11. Bh6 Rg8 12. h3 e5 13. hxg4 exd4 14. Nxd4 g5 15. Nxf5 Qd7 16. Bxd5 Rg6 17. Bxc6 Qxc6 18. Bxg5 Rxg5 19. e3 Kf7 20. Nd4 Qe4
21. Qe2 Rxg4 22. Qc4+ Kg6 23. Qxc7 Rg8 24. Kh2 Kh5 25. Qf7+ R8g6 26. Rae1 Rh4+
0-1

[Event "KIA is it really a store? #2"]
[Site "SchemingMind.com"]
[Date "2006.10.05"]
[Round "-"]
[White "Kenny Elliott"]
[Black "Gilligan"]
[Result "0-1"]
[WhiteCountry "USA"]
[BlackCountry "USA"]
[WhiteElo "1500"]
[WhiteRD "69"]
[BlackElo "1681"]
[BlackRD "63"]
[GameID "70156"]

1. Nf3 d5 2. g3 c5 3. Bg2 Nc6 4. d4 c4 5. O-O e6 6. Bf4 Bd6 7. Bxd6 Qxd6 8. c3 Nf6 9. Nbd2 O-O 10. b3 b5
11. Qc2 h6 12. b4 a5 13. a3 a4 14. h3 Ne7 15. Rfe1 Bb7 16. Ne5 Nd7 17. Nxd7 Qxd7 18. e4 Rae8 19. e5 f6 20. Nf3 f5
21. Qd2 Rf7 22. Re2 Ref8 23. Rf1 f4 24. g4 Ng6 25. h4 Qe7 26. h5 Nh4 27. Rd1 Nxf3+ 28. Bxf3 Qg5 29. Kg2 g6 30. Rh1 Rg7
31. Kf1 Bc6 32. Ke1 Be8 33. Kd1 gxh5 34. gxh5 Qf5 35. Ree1 Kh8 36. Rh4 Rg5 37. Qe2 Qb1+ 38. Kd2 Qb2+ 39. Kd1 Qxc3 40. Reh1 Qxd4+
41. Qd2 Qxe5 42. Qe2 Qd4+ 43. Qd2 Qxd2+ 44. Kxd2 Bc6 45. Re1 e5 46. Kc2 e4 47. Bd1 d4 48. Rhh1 Bd5 49. Ref1 c3 50. Rh3 Bc4
51. Re1 e3 52. fxe3 Rg2+ 53. Kc1 fxe3 54. Bf3 Ra2
0-1

[Event "KIA is it really a store? #2"]
[Site "SchemingMind.com"]
[Date "2006.10.05"]
[Round "-"]
[White "klesley"]
[Black "Kenny Elliott"]
[Result "1-0"]
[WhiteCountry "USA"]
[BlackCountry "USA"]
[WhiteElo "1717"]
[WhiteRD "77"]
[BlackElo "1500"]
[BlackRD "69"]
[GameID "70157"]

1. Nf3 d5 2. g3 Nf6 3. d4 Nc6 4. Bg2 Bf5 5. c3 e6 6. O-O Be7 7. Bg5 h6 8. Bxf6 Bxf6 9. Nfd2 O-O 10. e4 dxe4
11. Nxe4 Bxe4 12. Bxe4 Qd6 13. Nd2 Rad8 14. Nc4 Qd7 15. b4 b5 16. Qf3 Nxd4 17. cxd4 Bxd4 18. Rad1 bxc4 19. Bc6 Qe7 20. b5 c3
21. Rc1 Qa3 22. Rc2 Rd6 23. Rb1 e5 24. h4 Qc5 25. Kg2 a6 26. a4 Rb8 27. g4 Rf6 28. Qd5 Rxf2+ 29. Rxf2 Bxf2 30. Rf1 Qxd5+
31. Bxd5 Bxh4 32. Rxf7 axb5 33. Rxc7+ Kh8 34. Rxc3 bxa4 35. Ra3 Rd8 36. Bc6 Rd4 37. Bxa4 Rxg4+ 38. Kh3 Rb4 39. Bc2 Bg5 40. Ra8+
1-0

[Event "KIA is it really a store? #2"]
[Site "SchemingMind.com"]
[Date "2006.10.05"]
[Round "-"]
[White "mart_r3000"]
[Black "Kenny Elliott"]
[Result "0-1"]
[WhiteCountry "ENG"]
[BlackCountry "USA"]
[WhiteElo "1270"]
[WhiteRD "54"]
[BlackElo "1525"]
[BlackRD "69"]
[GameID "70158"]

1. Nf3 d5 2. g3 Nf6 3. Nc3 c5 4. d4 c4 5. Bg5 e6 6. Ne5 Bb4 7. Qd2 h6 8. Be3 Ne4 9. Qd1 Nxc3 10. Bd2 Nxd1
11. Bxb4 Nxf2 12. Kxf2 Qf6+ 13. Ke1 Nd7 14. Bc3 Nxe5 15. dxe5 Qg5 16. Bg2 O-O 17. Rd1 f6 18. Bd2 Qg6 19. Rf1 Qxc2 20. Bc3 Bd7
21. Kf2 fxe5+ 22. Bf3 e4 23. Kg1 exf3 24. exf3 Rf7 25. Rc1 Qd3 26. Kg2 Qe2+ 27. Rf2 Qe3 28. f4 Raf8 29. Re1 Qb6 30. a3 g5
31. Re5 gxf4 32. Rf3 fxg3 33. Rxg3+ Kh7 34. Rh5 Qf2+ 35. Kh3 Qf1+ 36. Kh4 Rf4+ 37. Rg4 Qf2+
0-1

[Event "KIA is it really a store? #2"]
[Site "SchemingMind.com"]
[Date "2006.10.08"]
[Round "-"]
[White "lacus66"]
[Black "Kenny Elliott"]
[Result "1-0"]
[WhiteCountry "HUN"]
[BlackCountry "USA"]
[WhiteElo "1630"]
[WhiteRD "76"]
[BlackElo "1550"]
[BlackRD "65"]
[GameID "70474"]

1. Nf3 d5 2. g3 Nf6 3. Bg2 Nc6 4. O-O e5 5. d3 h6 6. c4 d4 7. e3 Bg4 8. h3 Bh5 9. g4 Bg6 10. e4 Be7
11. Qb3 Rb8 12. Na3 a6 13. Nc2 O-O 14. a3 Bd6 15. Nh4 Bh7 16. Nf5 Ne7 17. Nxe7+ Qxe7 18. g5 hxg5 19. Bxg5 Qe6 20. Ne1 Nd7
21. f3 Qg6 22. Bd2 f5 23. c5+ Kh8 24. cxd6 cxd6 25. Bb4 fxe4 26. fxe4 Nc5 27. Bxc5 Rxf1+ 28. Kxf1 Qf6+ 29. Kg1 dxc5 30. Qd1 b5
31. b3 Bg8 32. Qh5+ Bh7 33. Nf3 Qh6 34. Qxh6 gxh6 35. Nxe5 Bg8 36. b4 c4 37. dxc4 bxc4 38. Bf1 c3 39. Ng6+ Kg7 40. Ne7 Kf6
41. Nc6 Re8 42. Bd3 Bh7 43. Re1 Rg8+ 44. Kh2 Rc8 45. Rf1+ Ke6 46. Nxd4+ Ke5 47. Nf3+ Ke6 48. Bxa6 Ra8 49. b5 Bxe4 50. Re1 Kf5
51. Nd4+ Ke5 52. Nf3+ Kf4 53. Ne5 Kxe5 54. Bb7 Rxa3 55. Rxe4+ Kf5 56. Rc4 Ra2+ 57. Kg3 c2 58. Be4+ Ke5 59. Bxc2
1-0

[Event "KIA is it really a store? #2"]
[Site "SchemingMind.com"]
[Date "2006.10.08"]
[Round "-"]
[White "lacus66"]
[Black "klesley"]
[Result "0-1"]
[WhiteCountry "HUN"]
[BlackCountry "USA"]
[WhiteElo "1607"]
[WhiteRD "74"]
[BlackElo "1717"]
[BlackRD "77"]
[GameID "70475"]

1. Nf3 d5 2. g3 c6 3. Bg2 Nf6 4. O-O Bf5 5. d3 e6 6. Bg5 Be7 7. Ne5 h6 8. Bf4 g5 9. Be3 Ng4 10. Nxg4 Bxg4
11. f3 Bf5 12. g4 Bg6 13. f4 gxf4 14. Bxf4 Nd7 15. Nc3 Nf6 16. Be5 O-O 17. d4 Nxg4 18. e4 Ne3 19. Qc1 Bg5 20. Bf4 Nxf1
21. Qxf1 dxe4 22. Bxg5 Qxg5 23. Kh1 f5 24. Qc4 Bf7 25. Rg1 Qd2 26. Bxe4+ Kh8 27. Qd3 Qxd3 28. Bxd3 b5 29. b4 a5 30. a3 axb4
31. axb4 Ra3 32. Nb1 Ra1 33. c3 e5 34. dxe5 Bd5+
0-1

[Event "KIA is it really a store? #2"]
[Site "SchemingMind.com"]
[Date "2006.10.08"]
[Round "-"]
[White "lacus66"]
[Black "mart_r3000"]
[Result "1-0"]
[WhiteCountry "HUN"]
[BlackCountry "ENG"]
[WhiteElo "1607"]
[WhiteRD "74"]
[BlackElo "1254"]
[BlackRD "55"]
[GameID "70476"]

1. Nf3 d5 2. g3 Bg4 3. Bg2 Nf6 4. O-O Ne4 5. d3 Nc5 6. Be3 b6 7. Bxc5 bxc5 8. Ne5 Be6 9. c4 d4 10. Bxa8 f6
11. Qa4+ c6 12. Bxc6+ Nxc6 13. Qxc6+ Bd7 14. Nxd7 Qxd7 15. Qxc5 e5 16. Qd5 Qxd5 17. cxd5 Bd6 18. e4 O-O 19. a3 Rb8 20. b4 a6
21. Rc1 h5 22. h4 g5 23. hxg5 fxg5 24. Rc6 Rd8 25. Rxa6 Bf8 26. Rg6+ Kh7 27. Re6 Bg7 28. b5 Rc8 29. b6 Rc1+ 30. Kg2 Rd1
31. b7 Rxd3 32. b8=Q h4 33. gxh4 gxh4 34. Qe8 h3+ 35. Kh2 Rf3 36. Qh5+
1-0

[Event "KIA is it really a store? #2"]
[Site "SchemingMind.com"]
[Date "2006.10.08"]
[Round "-"]
[White "lacus66"]
[Black "Gilligan"]
[Result "0-1"]
[WhiteCountry "HUN"]
[BlackCountry "USA"]
[WhiteElo "1607"]
[WhiteRD "74"]
[BlackElo "1681"]
[BlackRD "63"]
[GameID "70477"]

1. Nf3 d5 2. g3 c5 3. Bg2 Nc6 4. O-O e5 5. d3 Be7 6. Na3 Nf6 7. c4 d4 8. e3 O-O 9. e4 Bg4 10. h3 Bxf3
11. Qxf3 h6 12. Bd2 a6 13. Nc2 Rb8 14. a3 b5 15. cxb5 axb5 16. b3 b4 17. axb4 cxb4 18. h4 Nd7 19. Rfb1 Qc7 20. Ra4 Rb7
21. Rb2 Nb6 22. Ra1 Nd7 23. Ra4 Nb6 24. Ra1 Qd7 25. Ra6 Qe6 26. Kh2 Qf6 27. Qg4 Qg6 28. Qf5 Nb8 29. Ra1 N6d7 30. Qxg6 fxg6
31. f3 Kf7 32. f4 Ke8 33. Rbb1 Bd6 34. Ra4 Nc6 35. fxe5 Ndxe5 36. Ne1 Ng4+ 37. Kh3 h5 38. Bf3 Nce5 39. Ra8+ Kf7 40. Rxf8+ Kxf8
41. Bf4 Rf7 42. Bxe5 Nxe5 43. Be2 Rf2 44. Rb2 Ng4 45. Nf3 Ne3 46. Nxd4 Be5
0-1

[Event "KIA is it really a store? #2"]
[Site "SchemingMind.com"]
[Date "2006.10.08"]
[Round "-"]
[White "Kenny Elliott"]
[Black "lacus66"]
[Result "0-1"]
[WhiteCountry "USA"]
[BlackCountry "HUN"]
[WhiteElo "1500"]
[WhiteRD "69"]
[BlackElo "1607"]
[BlackRD "74"]
[GameID "70478"]

1. Nf3 d5 2. g3 Nf6 3. Bg2 g6 4. d4 Bg7 5. O-O O-O 6. Nc3 Nc6 7. Bf4 Bg4 8. Ne5 Bf5 9. Nxc6 bxc6 10. Re1 Rb8
11. b3 Nh5 12. Qd2 Nxf4 13. Qxf4 e5 14. dxe5 Qe7 15. e4 Be6 16. exd5 cxd5 17. Nxd5 Bxd5 18. Bxd5 Qc5 19. Bc4 Rbe8 20. Rad1 Bxe5
21. Qh4 Kg7 22. Rd5 Bxg3 23. Rxe8 Qxf2+ 24. Kh1 Bxh4 25. Rxf8 Qf3+ 26. Kg1 Bf2+ 27. Kf1 Bg3+
0-1

[Event "KIA is it really a store? #2"]
[Site "SchemingMind.com"]
[Date "2006.10.08"]
[Round "-"]
[White "klesley"]
[Black "lacus66"]
[Result "1-0"]
[WhiteCountry "USA"]
[BlackCountry "HUN"]
[WhiteElo "1740"]
[WhiteRD "78"]
[BlackElo "1615"]
[BlackRD "77"]
[GameID "70479"]

1. Nf3 d5 2. g3 Nf6 3. d4 g6 4. c3 Bg7 5. Na3 a6 6. Bg2 O-O 7. Ne5 Nfd7 8. Nxd7 Qxd7 9. Bf4 Nc6 10. b4 b5
11. Qb3 e6 12. O-O Bb7 13. Rfe1 f5 14. f3 a5 15. bxa5 Nxa5 16. Qxb5 Qxb5 17. Nxb5 c6 18. Nc7 Rac8 19. Nxe6 Rfe8 20. Nxg7 Kxg7
21. e4 fxe4 22. fxe4 Nc4 23. e5 Re6 24. Bh3 Rce8 25. Bxe6 Rxe6 26. Rf1 Ba6 27. Bg5 Nxe5 28. Bf6+ Rxf6 29. Rxf6 Kxf6 30. dxe5+ Kxe5
31. Re1+ Kd6 32. a4 c5 33. Kf2 c4 34. Kf3 Bb7 35. Kf4 Bc6 36. a5 Bb5 37. Kg5
1-0

[Event "KIA is it really a store? #2"]
[Site "SchemingMind.com"]
[Date "2006.10.08"]
[Round "-"]
[White "mart_r3000"]
[Black "lacus66"]
[Result "0-1"]
[WhiteCountry "ENG"]
[BlackCountry "HUN"]
[WhiteElo "1254"]
[WhiteRD "55"]
[BlackElo "1607"]
[BlackRD "74"]
[GameID "70480"]

1. Nf3 d5 2. g3 Nf6 3. Bg2 g6 4. O-O Bg7 5. d4 O-O 6. Ne5 Nbd7 7. Bg5 h6 8. Be3 Nxe5 9. dxe5 Ng4 10. Bd4 Bxe5
11. Bxe5 Nxe5 12. Nc3 d4 13. Nd5 c6 14. Qxd4 Qd6 15. Rad1 cxd5 16. f4 Nc6 17. Qxd5 Rd8 18. Be4 Nb4 19. Qb5 Bd7 20. Rxd6 Bxb5
21. Rxd8+ Rxd8 22. Re1 Rd2 23. Bf3 Nxc2 24. Rc1 Bxe2 25. Bxe2 Rxe2 26. Kf1 Rxh2 27. Kg1 Rd2 28. Kf1 Ne3+ 29. Ke1 Rxb2 30. a4 Nf5
31. g4 Nh4 32. Rc8+ Kg7 33. Ra8 a6 34. Rc8 Rb4 35. a5 Nf3+ 36. Ke2 Nd4+ 37. Ke3 Ne6
0-1

[Event "KIA is it really a store? #2"]
[Site "SchemingMind.com"]
[Date "2006.10.09"]
[Round "-"]
[White "GrischukFan"]
[Black "Kenny Elliott"]
[Result "1-0"]
[WhiteCountry "GER"]
[BlackCountry "USA"]
[WhiteElo "2119"]
[WhiteRD "106"]
[BlackElo "1500"]
[BlackRD "69"]
[GameID "70704"]

1. Nf3 d5 2. g3 c5 3. c4 d4 4. Bg2 Nc6 5. d3 e5 6. O-O Nf6 7. e3 Bg4 8. exd4 cxd4 9. Re1 Bd6 10. c5 Bc7
11. Nbd2 O-O 12. h3 Bh5 13. Qc2 Re8 14. a3 h6 15. b4 Qd7 16. Bb2 Bg6 17. b5 Nd8 18. Nc4 Qxb5 19. Ncxe5 Bxe5 20. Nxe5 Nc6
21. Bxc6 bxc6 22. Nxg6 fxg6 23. Bxd4 Rxe1+ 24. Rxe1 Qa6 25. Bxf6 gxf6 26. Qb3+ Kf8 27. Re6
1-0

[Event "KIA is it really a store? #2"]
[Site "SchemingMind.com"]
[Date "2006.10.09"]
[Round "-"]
[White "GrischukFan"]
[Black "lacus66"]
[Result "1-0"]
[WhiteCountry "GER"]
[BlackCountry "HUN"]
[WhiteElo "2119"]
[WhiteRD "106"]
[BlackElo "1607"]
[BlackRD "74"]
[GameID "70706"]

1. Nf3 d5 2. g3 Nf6 3. Bg2 g6 4. d4 Bg7 5. O-O O-O 6. c4 dxc4 7. Na3 Nc6 8. Nxc4 Be6 9. Nce5 Nxe5 10. Nxe5 Bd5
11. Bf4 Bxg2 12. Kxg2 Ne4 13. Qd3 Nf6 14. e4 Nd7 15. Rfd1 f6 16. Qb3+ Kh8 17. Nf7+ Rxf7 18. Qxf7 Qf8 19. Qxf8+ Rxf8 20. Bxc7 a6
21. Rac1 e5 22. Bd6 Re8 23. Rc7 Nf8 24. dxe5 fxe5 25. Rxb7 Bf6 26. Bxf8 Rxf8 27. Rdd7
1-0

[Event "KIA is it really a store? #2"]
[Site "SchemingMind.com"]
[Date "2006.10.09"]
[Round "-"]
[White "GrischukFan"]
[Black "mart_r3000"]
[Result "1-0"]
[WhiteCountry "GER"]
[BlackCountry "ENG"]
[WhiteElo "2090"]
[WhiteRD "110"]
[BlackElo "1270"]
[BlackRD "54"]
[GameID "70707"]

1. Nf3 d5 2. g3 Nf6 3. Bg2 e6 4. O-O Bd6 5. c4 O-O 6. d4 Nc6 7. cxd5 exd5 8. Bg5 h6 9. Bxf6 Qxf6 10. Nc3 Be6
11. e4 dxe4 12. Nxe4 Qe7 13. d5 Bf5 14. Nxd6 Qxd6 15. dxc6 Qxc6 16. Nd4 Qd5 17. Bxd5 Bg6 18. Bxb7 Rad8 19. Qa4 c5 20. Nc6 Rde8
21. Rfe1 Rxe1+ 22. Rxe1 Kh7 23. Qxa7 c4 24. Qc5 Kg8 25. Ne7+ Kh7 26. Nxg6 fxg6 27. Qxf8
1-0

[Event "KIA is it really a store? #2"]
[Site "SchemingMind.com"]
[Date "2006.10.09"]
[Round "-"]
[White "Kenny Elliott"]
[Black "GrischukFan"]
[Result "0-1"]
[WhiteCountry "USA"]
[BlackCountry "GER"]
[WhiteElo "1525"]
[WhiteRD "69"]
[BlackElo "2090"]
[BlackRD "110"]
[GameID "70709"]

1. Nf3 d5 2. g3 c6 3. Bg2 Nf6 4. d4 Bg4 5. Bg5 Nbd7 6. Nc3 h6 7. Bf4 e6 8. O-O Be7 9. h3 g5 10. hxg4 gxf4
11. gxf4 Nxg4 12. Ne5 Ndxe5 13. fxe5 Bc5 14. f3 Ne3 15. Qe1 Bxd4 16. Qd2 Nxc2+ 17. Kh1 Qh4+
0-1

[Event "KIA is it really a store? #2"]
[Site "SchemingMind.com"]
[Date "2006.10.09"]
[Round "-"]
[White "klesley"]
[Black "GrischukFan"]
[Result "0-1"]
[WhiteCountry "USA"]
[BlackCountry "GER"]
[WhiteElo "1717"]
[WhiteRD "77"]
[BlackElo "2119"]
[BlackRD "106"]
[GameID "70710"]

1. Nf3 d5 2. g3 Nf6 3. d4 e6 4. c4 Bb4+ 5. Bd2 Be7 6. e3 O-O 7. a3 c5 8. Nc3 cxd4 9. Nxd4 e5 10. Nc2 d4
11. exd4 exd4 12. Nb5 Bc5 13. Bb4 Re8+ 14. Kd2 Ne4+ 15. Kc1 Bxb4 16. axb4 Nxf2 17. Qf3 Nxh1 18. Nxa7 Nc6 19. Nxc6 Rxa1+ 20. Nxa1 bxc6
21. Nb3 Re3 22. Qxh1 Rxb3 23. Qxc6 d3 24. Qg2 Rxb4 25. Qd5 Qf6 26. Kd2 Rxb2+
0-1

[Event "KIA is it really a store? #2"]
[Site "SchemingMind.com"]
[Date "2006.10.09"]
[Round "-"]
[White "lacus66"]
[Black "GrischukFan"]
[Result "0-1"]
[WhiteCountry "HUN"]
[BlackCountry "GER"]
[WhiteElo "1624"]
[WhiteRD "78"]
[BlackElo "2090"]
[BlackRD "110"]
[GameID "70711"]

1. Nf3 d5 2. g3 c5 3. Bg2 Nc6 4. O-O e5 5. d3 Nf6 6. Bg5 Be7 7. Nc3 d4 8. Bxf6 Bxf6 9. a3 dxc3 10. bxc3 O-O
11. e4 Be6 12. Rb1 Qa5 13. c4 Qxa3 14. Nd2 Rfb8 15. Ra1 Qc3 16. Nb1 Qxa1
0-1

[Event "KIA is it really a store? #2"]
[Site "SchemingMind.com"]
[Date "2006.10.09"]
[Round "-"]
[White "mart_r3000"]
[Black "GrischukFan"]
[Result "0-1"]
[WhiteCountry "ENG"]
[BlackCountry "GER"]
[WhiteElo "1270"]
[WhiteRD "54"]
[BlackElo "2090"]
[BlackRD "110"]
[GameID "70712"]

1. Nf3 d5 2. g3 Bg4 3. d4 Nf6 4. Ne5 Bf5 5. e3 Nbd7 6. Qf3 Be4 7. Qe2 Bxh1 8. f3 Nxe5 9. dxe5 Nd7 10. Qb5 c6
11. Qxb7 Nxe5 12. f4 Nd7 13. Nc3 e6 14. Bd2 Be7 15. O-O-O Bf3 16. Ne2 O-O 17. Qb3 Rb8 18. Qc3 Bxe2 19. Bxe2 Bf6 20. Qd3 Bxb2+
21. Kb1 Nc5 22. Ba5 Qxa5 23. c3 Bxc3+ 24. Kc2 Qxa2+
0-1